Hallgatói Mentorprogram

Elmentve itt :
Bibliográfiai részletek
Szerzők: Fejes József Balázs
Szűcs Norbert
Dokumentumtípus: Cikk
Megjelent: 2009
Sorozat:Új Pedagógiai Szemle 59 No. 2
mtmt:1413731
Online Access:http://publicatio.bibl.u-szeged.hu/1075
LEADER 00729nab a2200205 i 4500
001 publ1075
005 20180720151617.0
008 120814s2009 hu o 0|| zxx d
022 |a 1215-1807 
024 7 |a 1413731  |2 mtmt 
040 |a SZTE Publicatio Repozitórium  |b hun 
041 |a zxx 
100 1 |a Fejes József Balázs 
245 1 0 |a Hallgatói Mentorprogram  |h [elektronikus dokumentum] /  |c  Fejes József Balázs 
260 |c 2009 
300 |a 61-75 
490 0 |a Új Pedagógiai Szemle  |v 59 No. 2 
700 0 1 |a Szűcs Norbert  |e aut 
856 4 0 |u http://publicatio.bibl.u-szeged.hu/1075/1/Fejes-Szucs_2009_Mentorprogram.upsz.pdf  |z Dokumentum-elérés  
856 4 0 |u http://publicatio.bibl.u-szeged.hu/1075/4/1075tart.pdf  |z Dokumentum-elérés